[Event "Titled Tuesday intern op 13th Apr"]
[Site "Chess.com INT"]
[Date "2021.04.13"]
[Round "9"]
[White "Duneas, John"]
[Black "Gevorgyan, Maria"]
[Result "1-0"]
[WhiteElo "2135"]
[BlackElo "2219"]
[PlyCount "69"]
[EventDate "2021.04.13"]
[EventType "swiss (blitz)"]
[EventRounds "11"]
[EventCountry "USA"]
[SourceTitle "CBM 201 Extra"]
[Source "ChessBase"]
[SourceDate "2021.05.31"]
[SourceVersion "1"]
[SourceVersionDate "2021.05.31"]
[SourceQuality "1"]

1. d4 Nf6 2. c4 c5 3. d5 e6 4. Nc3 exd5 5. cxd5 d6 6. e4 g6 7. Bc4 Bg7 8. Nf3 0-0 9. 0-0 Re8 10. Nd2 a6 11. a4 Ng4 12. h3 Ne5 13. Be2 f5 14. a5 fxe4 15. Ndxe4 Bf5 16. Qa4 Nbd7 17. Nxd6 Rf8 18. Nxf5 gxf5 19. Qb3 f4 20. f3 Qg5 21. Qxb7 Nf6 22. d6 Rad8 23. Qxa6 Nh5 24. Bc4+ Kh8 25. Ne4 Qg6 26. Bd5 Ng3 27. Rf2 Nxe4 28. Bxe4 Qxd6 29. Qxd6 Rxd6 30. a6 Rd1+ 31. Rf1 Rxf1+ 32. Kxf1 Rd8 33. Bxf4 Nc4 34. a7 Nb6 35. Bc7 1-0

[Event "Titled Tuesday intern op 13th Apr"]
[Site "Chess.com INT"]
[Date "2021.04.13"]
[Round "7"]
[White "Duneas, John"]
[Black "Murthy, Pappu LN"]
[Result "1-0"]
[WhiteElo "2135"]
[BlackElo "1940"]
[PlyCount "54"]
[EventDate "2021.04.13"]
[EventType "swiss (blitz)"]
[EventRounds "11"]
[EventCountry "USA"]
[SourceTitle "CBM 201 Extra"]
[Source "ChessBase"]
[SourceDate "2021.05.31"]
[SourceVersion "1"]
[SourceVersionDate "2021.05.31"]
[SourceQuality "1"]

1. d4 Nf6 2. c4 e6 3. Nf3 Bb4+ 4. Nbd2 Qe7 5. a3 Bxd2+ 6. Qxd2 b6 7. g3 Bb7 8. Bg2 Ne4 9. Qc2 f5 10. 0-0 d6 11. Ne1 Nd7 12. b4 c5 13. Bb2 0-0 14. Nd3 Rac8 15. f3 Nef6 16. Qb3 cxd4 17. Bxd4 Ba6 18. Rfc1 Kh8 19. a4 e5 20. Bf2 e4 21. Nf4 e3 22. Qxe3 Qxe3 23. Bxe3 Bxc4 24. a5 b5 25. Bxa7 Bxe2 26. Nxe2 Ne5 27. Bd4 Rce8 1-0

[Event "Titled Tuesday intern op 13th Apr"]
[Site "Chess.com INT"]
[Date "2021.04.13"]
[Round "11"]
[White "Duneas, John"]
[Black "Rosenberg, Evan"]
[Result "0-1"]
[WhiteElo "2135"]
[BlackElo "2125"]
[PlyCount "78"]
[EventDate "2021.04.13"]
[EventType "swiss (blitz)"]
[EventRounds "11"]
[EventCountry "USA"]
[SourceTitle "CBM 201 Extra"]
[Source "ChessBase"]
[SourceDate "2021.05.31"]
[SourceVersion "1"]
[SourceVersionDate "2021.05.31"]
[SourceQuality "1"]

1. d4 d5 2. c4 c6 3. Nc3 Nf6 4. Nf3 e6 5. Bg5 Nbd7 6. e3 Qa5 7. Qb3 Ne4 8. Bh4 Bb4 9. Rc1 Ndf6 10. Bd3 Nxc3 11. bxc3 Ba3 12. Rb1 Ne4 13. Bxe4 dxe4 14. Nd2 f5 15. c5 b5 16. cxb6 axb6 17. Nc4 Qa6 18. 0-0 b5 19. Ne5 0-0 20. f3 exf3 21. Rxf3 Bd6 22. Nd3 Qxa2 23. Qd1 h6 24. Bg3 Bxg3 25. Rxg3 Qa4 26. Qh5 Qc2 27. Qd1 Qxd1+ 28. Rxd1 Ra2 29. Nb4 Rb2 30. Nxc6 Bb7 31. Ne5 Be4 32. Ra1 g5 33. h3 Rc8 34. Kh2 Rxc3 35. Ra7 Rcc2 36. h4 Rxg2+ 37. Rxg2 Rxg2+ 38. Kh3 g4+ 39. Nxg4 fxg4# 0-1